000 01082 a2200241 4500
001 60870
005 20260407155859.0
008 260407a2023 arg spa d
003 AR-UNSa-BCEJYS
040 _aAR-UNSa-BCEJYS
_bspa
_cAR-UNSa-BCEJYS
080 _a339.5
_xComercio exterior. Comercio Internacional
245 1 0 _aPerspectivas del comercio internacional de América Latina y el Caribe
_pCambios estructurales y tendencias en el comercio mundial y regional: retos y oportunidades
020 _a978-92-1-122129-9
264 1 _aSantiago de Chile :
_bCEPAL (Comisión Económica para América Latina y el Caribe)
_c2023
300 _a177 p.
_c27 cm.
505 _a1. Factores estructurales y coyunturales debilitan el comercio en el mundo y en la región - 2.
041 _aspa
942 _cBK
590 _aniveau_biblio:m niveau_hierar:0
100 1 _aNaciones Unidas. Comisión Económica para América Latina y el Caribe (CEPAL)
700 1 _aInoue, Keiji
856 4 1 _uhttps://www.biblioeco.unsa.edu.ar/pmb/images/libros/L129313.jpg
_yImagen de portada
_qimage/jpeg
999 _c7120
_d7120